The hernia book : sound advice on symptoms and treatment

Bibliographic Details
Main Author: Homan, William P
Other Authors: Rothbart, Betty
Format: Book
Published: New York : Consumer Reports Books , 1993
Subjects:

MARC

LEADER 00000cam a2200000 7i4500
001 0000001568
002 000001714
005 20000330.0
020 |a 0890435391 
090 0 0 |a 617.599   |b HOM 
100 1 |a Homan, William P 
245 1 4 |a The hernia book :   |b sound advice on symptoms and treatment   |c William P. Homan and Betty Rothbart ; the editors of Consumer Reports Books 
260 |a New York :   |b Consumer Reports Books ,   |c 1993 
300 |a 193p. ;   |c 20cm. 
650 0 0 |a Hernia   |x Popular works 
700 1 |a Rothbart, Betty 
999 |a 034504   |b BUKU   |c PINJAMAN   |e PERPUSTAKAAN KOMUNITI PETALING JAYA